The Shiloh Campaign /
This title provides new insights into the civil War's bloodiest battle. Steven E. Woodworth has brought together a group of historians to reassess this significant battle and provide in-depth analysis of key aspects of the campaign and its aftermath.
| Clasificación: | Libro Electrónico |
|---|---|
| Otros Autores: | |
| Formato: | Electrónico eBook |
| Idioma: | Inglés |
| Publicado: |
Carbondale :
Southern Illinois University Press,
2009.
|
| Colección: | Civil War campaigns in the heartland.
Book collections on Project MUSE. |
| Temas: | |
| Acceso en línea: | Texto completo |
MARC
| LEADER | 00000cam a22000004a 4500 | ||
|---|---|---|---|
| 001 | musev2_4081 | ||
| 003 | MdBmJHUP | ||
| 005 | 20230905040513.0 | ||
| 006 | m o d | ||
| 007 | cr||||||||nn|n | ||
| 008 | 080805s2009 ilu o 00 0 eng d | ||
| 010 | |z 2008034311 | ||
| 020 | |a 9780809386833 | ||
| 020 | |z 9780809328925 | ||
| 035 | |a (OCoLC)457224777 | ||
| 040 | |a MdBmJHUP |c MdBmJHUP | ||
| 043 | |a n-us-tn |a n-us--- | ||
| 050 | 0 | 4 | |a E473.54 |b .S575 2009 |
| 082 | 0 | |a 973.7/31 |2 22 | |
| 245 | 0 | 4 | |a The Shiloh Campaign / |c edited by Steven E. Woodworth. |
| 264 | 1 | |a Carbondale : |b Southern Illinois University Press, |c 2009. | |
| 264 | 3 | |a Baltimore, Md. : |b Project MUSE, |c 2012 | |
| 264 | 4 | |c ©2009. | |
| 300 | |a 1 online resource (176 pages): |b maps ; | ||
| 336 | |a text |b txt |2 rdacontent | ||
| 337 | |a computer |b c |2 rdamedia | ||
| 338 | |a online resource |b cr |2 rdacarrier | ||
| 490 | 0 | |a Civil War campaigns in the heartland | |
| 504 | |a Includes bibliographical references and index. | ||
| 505 | 0 | |a "I must save this army" : Albert Sidney Johnston and the Shiloh Campaign / John R. Lundberg -- A terrible baptism by fire : David Stuart's defense of the Union left / Alexander Mendoza -- Anatomy of an icon : Shiloh's hornet's nest in Civil War memory / Timothy B. Smith -- Intolerably slow : Lew Wallace's march to the battlefield / Steven E. Woodworth -- Soul-stirring music to our ears : gunboats at Shiloh / Gary D. Joiner -- General Beauregard's "complete victory" at Shiloh : an interpretation / Grady McWhiney -- Victory for neither side : Confederate soldier's reactions to the battle of Shiloh / Charles D. Grear -- After Shiloh : Grant, Sherman, and survival / Brooks D. Simpson. | |
| 520 | |a This title provides new insights into the civil War's bloodiest battle. Steven E. Woodworth has brought together a group of historians to reassess this significant battle and provide in-depth analysis of key aspects of the campaign and its aftermath. | ||
| 588 | |a Description based on print version record. | ||
| 650 | 0 | |a Shiloh, Battle of, Tenn., 1862. | |
| 651 | 0 | |a United States |x History |y Civil War, 1861-1865 |x Campaigns. | |
| 651 | 0 | |a Tennessee |x History |y Civil War, 1861-1865 |x Campaigns. | |
| 655 | 7 | |a Electronic books. |2 local | |
| 700 | 1 | |a Woodworth, Steven E. | |
| 710 | 2 | |a Project Muse. |e distributor | |
| 830 | 0 | |a Civil War campaigns in the heartland. | |
| 830 | 0 | |a Book collections on Project MUSE. | |
| 856 | 4 | 0 | |z Texto completo |u https://projectmuse.uam.elogim.com/book/4081/ |
| 945 | |a Project MUSE - Custom Collection | ||
| 945 | |a Project MUSE - Archive Complete Foundation | ||
| 945 | |a Project MUSE - Archive History Foundation | ||


